Words that have AEIOU #5 - Statistics

General Stats
  • This quiz has been taken 32 times
    22 since last reset
  • The average score is 4 of 16
Answer Stats
Hint Starting
Letter
Answer % Correct
One who climbs to reach pinnacles and alpine peaks M Mountaineer
88%
Expulsion of partially digested food, especially to feed baby birds R Regurgitation
65%
Deprivation of strength, manliness, vigor, or virility E Emasculation
59%
Sanctioned by a legitimate power; done with official permission A Authorized
41%
Relating to cars; or, being self-propelled A Automotive
35%
When a solid becomes a fluid, e.g., soil going fluidlike in a landslide L Liquefaction
24%
Lacking manual dexterity; disharmony within the parts of a group U Uncoordinated
18%
Capable of being transmitted; contagious C Communicable
12%
The removal of blood, or the loss of blood E Exsanguination
12%
A reproduction, especially of a computer program E Emulation
6%
Inducement to convert another's belief or opinion P Persuasion
6%
Not following the rules of tradition; being out of the ordinary U Unconventional
6%
Producing one's own light from within, e.g., a firefly or plutonium A Autoluminescence
0%
Exerting force against, offsetting with equal force C Countervailing
0%
The feeling of being overjoyed or triumphant; jubilation E Exultation
0%
A bombastic, pompous, extravagant, or lofty manner of speech G Grandiloquence
0%
No matching quizzes found
Score Distribution
Percent of People with Each Score
Percentile by Number Answered
Your Score History
You have not taken this quiz since the last reset